000 00345nam a22001697i 4500
001 3487
003 OSt
005 20170126082319.0
007 tu
008 161220s1997 xxu||||| |||| 00| 0 d
024 7 _a3486
_2RID
040 _cOSt
245 0 0 _aProgramm of Work 1997
260 _aParis,
_c1997.
300 _a41 S. ;
_c30cm.
110 2 _aOECD
_eEd.
942 _cB
999 _c3437
_d3437